000 00585nam a22002177a 4500
003 UA-OsUOA
001 108604
007 ta
008 20141103b un ||||| |||| 00| 0 ukr d
100 _aПархоменко Н.
090 _a2
_bП18
942 _cSA
040 _aUA-OsUOA
_bukr
_cUA-OsUOA
_dUA-OsUOA
245 _aПортрети духовних діячів
300 _aС.7
955 _a0
041 _aukr
080 _a2
773 0 _w108603
_tЦерковна православна газета
_dК.
_d2014
_g20
650 7 _a2 Релігія. Теологія.
_2UDC
999 _c394609
_d394609